War, economy and society, 1939-1945 /

Bibliographic Details
Main Author: Milward, Alan S.
Format: Book
Language:English
Published: London : Lane, 1977.
Series:History of the world economy in the twentieth century ; v. 5.
Subjects:

MARC

Tag First Indicator Second Indicator Subfields
LEADER 00000cam a2200000 i 4500
001 in00000064192
005 20151008051747.0
008 770824s1977 enk b 00110 eng d
020 |a 0713910224 
035 |a (OCoLC)03216188 
035 |9 AAG9820AM 
040 |a OSU  |c OSU  |d TXA  |d UtOrBLW 
049 |a TXAM  |c [1497463] 
090 |a HC58  |b .M53 1977a 
100 1 |a Milward, Alan S. 
245 1 0 |a War, economy and society, 1939-1945 /  |c Alan S. Milward. 
264 1 |a London :  |b Lane,  |c 1977. 
300 |a xiv, 395 pages ;  |c 23 cm. 
336 |a text  |b txt  |2 rdacontent 
337 |a unmediated  |b n  |2 rdamedia 
338 |a volume  |b nc  |2 rdacarrier 
490 1 |a History of the World economy in the twentieth century ;  |v 5 
500 |a German version published in l977 under title: Der Zweite Weltkrieg, Kreig, Wirtschaft u. Gessellschaft, 1939-1945. 
500 |a Includes index. 
504 |a Bibliography: pages [366]-388. 
650 0 |a World War, 1939-1945  |x Economic aspects. 
830 0 |a History of the world economy in the twentieth century ;  |v v. 5. 
999 |a MARS 
999 f f |s a8261bcf-4bf7-3f84-a02d-2a3d3c23c39f  |i 0b1b3d3d-0116-361b-82a3-938e1c2a6090  |t 0 
952 f f |p normal  |a Texas A&M University  |b College Station  |c Sterling C. Evans Library  |d Evans: Library Stacks  |t 0  |e HC58 .M53 1977a  |h Library of Congress classification  |i unmediated -- volume  |m A14802559549 
998 f f |a HC58 .M53 1977a  |t 0  |l Evans: Library Stacks